| 000 | 01097nam a2200301 a 4500 | ||
|---|---|---|---|
| 999 |
_c328473 _d328473 |
||
| 003 | BLK | ||
| 005 | 20250714111055.0 | ||
| 008 | 181218b bu ||||| |||| 00| 0 bu d | ||
| 020 | _a9789546609687 | ||
| 040 | _aBLK | ||
| 041 |
_aBUL _cBUL |
||
| 080 |
_aШведска литература _b821.113.6 _x-93-34 _z821.113.6-93-34 |
||
| 100 |
_aЛиндгрен, Астрид _d1907 - 2002 _qЛиндгрен, Астрид Анна Емилия _9245550 |
||
| 139 |
_aЛиндгрен, Астрид _bЛ 63 |
||
| 245 |
_aПипи в големия парк _cАстрид Линдгрен; прев. Вера Ганчева |
||
| 257 | _aSWE | ||
| 260 |
_9209558 _aСофия _bПАН _c2018 |
||
| 300 |
_a16 с. _bс цв. ил. _c28 см |
||
| 380 | _aDX | ||
| 700 |
_9267019 _aНюман, Ингрид Ванг _eил. |
||
| 700 | 1 |
_aГанчева, Вера Лалева _951206 |
|
| 852 |
_cДХ 820/899/Л 63 _bД |
||
| 852 |
_bЦб _aЦб ІІ 29607 |
||
| 942 |
_cKNG _n0 _0147 _s1 |
||
| 944 |
_c2021-02-24 _k30564 _lАнна Гръцманова |
||
| 999 | _d328473 | ||
| 999 | _d328473 | ||